| 000 | 00610nam a2200229Ia 4500 | ||
|---|---|---|---|
| 003 | OSt | ||
| 005 | 20220928113235.0 | ||
| 006 | a|||||r|||| 00| 0 | ||
| 007 | ta | ||
| 008 | 220927b |||||||| |||| 00| 0 eng d | ||
| 024 | _a33648 | ||
| 037 | _cTextual | ||
| 040 |
_aSDCL _cSDCL _beng |
||
| 041 |
_2eng _aeng |
||
| 082 | _aX9(F94).2'N8, M5 | ||
| 100 |
_aSaxena Vijay Krishna _9432118 |
||
| 245 | 0 | _aOil economy of India | |
| 260 |
_aDelhi _bAgam Prakashan _c1985 |
||
| 300 |
_avi,191 _ccm. |
||
| 942 |
_hX9(F94).2'N8, M5 _cTEXL _2CC |
||
| 999 |
_c748684 _d748684 |
||